[Event "GRE-ch U18"]
[Site "Kavala"]
[Date "2022.04.27"]
[Round "2"]
[White "Makridis, Dimitrios"]
[Black "Topalidis, Ioannis D"]
[Result "1-0"]
[WhiteElo "2082"]
[BlackElo "1615"]
[PlyCount "71"]
[EventDate "2022.04.26"]
[EventType "swiss"]
[EventRounds "9"]
[EventCountry "GRE"]
[SourceTitle "CBM 208 Extra"]
[Source "ChessBase"]
[SourceDate "2022.07.31"]
[SourceVersion "1"]
[SourceVersionDate "2022.07.31"]
[SourceQuality "1"]

1. e4 c6 2. d4 d5 3. exd5 cxd5 4. Bd3 Nc6 5. c3 Qc7 6. h3 Nf6 7. Nf3 g6 8. 0-0 Bf5 9. Be3 e6 10. Re1 Be7 11. Bf1 h5 12. c4 a6 13. Nc3 dxc4 14. Bxc4 0-0 15. Nh4 Nd5 16. Nxf5 Nxc3 17. Nh6+ Kg7 18. bxc3 Rh8 19. Nxf7 Kxf7 20. Bxe6+ Kg7 21. d5 Rad8 22. Qe2 Nb8 23. Bd4+ Bf6 24. Bxf6+ Kxf6 25. c4 Rhf8 26. Qb2+ Kg5 27. Re4 Kh6 28. Qd4 Nd7 29. Bxd7 Rxd7 30. Rae1 Rdf7 31. d6 Qa5 32. Re7 Qxa2 33. Rxf7 Rxf7 34. d7 Qa5 35. d8Q Qxe1+ 36. Kh2 1-0

[Event "GRE-ch U16"]
[Site "Patras"]
[Date "2019.06.26"]
[Round "3.15"]
[White "Topalidis, Ioannis D"]
[Black "Sipsis, Tsatsoulis Georgios"]
[Result "1/2-1/2"]
[WhiteElo "1508"]
[BlackElo "1773"]
[PlyCount "90"]
[EventDate "2019.06.25"]
[EventType "swiss"]
[EventRounds "9"]
[EventCountry "GRE"]
[SourceTitle "EXT 2020"]
[Source "ChessBase"]
[SourceDate "2019.10.17"]
[SourceVersion "1"]
[SourceVersionDate "2019.10.17"]
[SourceQuality "1"]
[WhiteTeam "Greece"]
[BlackTeam "Greece"]
[WhiteTeamCountry "GRE"]
[BlackTeamCountry "GRE"]

1. e4 c5 2. Nf3 e6 3. d4 cxd4 4. Nxd4 Nc6 5. c4 Nf6 6. Nc3 Bb4 7. f3 d5 8. cxd5 exd5 9. exd5 Nxd5 10. Nxc6 bxc6 11. Bd2 0-0 12. Nxd5 Re8+ 13. Be2 Qxd5 14. Bxb4 Qb5 15. 0-0 Qxb4 16. Qc2 Bb7 17. Rad1 Rad8 18. Rxd8 Rxd8 19. Rd1 Rd4 20. Rxd4 Qxd4+ 21. Kf1 g6 22. Qc3 Qxc3 23. bxc3 Kf8 24. Kf2 Ke7 25. Ke3 c5 26. Bd3 Bd5 27. a3 Kf6 28. Kf4 h6 29. g3 a5 30. Bc2 Ke7 31. Ke3 Kd6 32. Bd3 Ke5 33. Bc2 f5 34. f4+ Kf6 35. Bd3 Bb3 36. c4 Ke6 37. Be2 Kf6 38. Kf3 Ba2 39. Ke3 g5 40. Kf2 Bb3 41. Ke3 Bc2 42. Kf2 Be4 43. Ke3 Bc2 44. Kf2 Be4 45. Ke3 Bc2 1/2-1/2

[Event "GRE-ch U14"]
[Site "Rio Achaia"]
[Date "2018.07.06"]
[Round "6"]
[White "Topalidis, Ioannis D"]
[Black "Tzagarakis, Panagiotis"]
[Result "0-1"]
[WhiteElo "1433"]
[BlackElo "1573"]
[PlyCount "68"]
[EventDate "2018.07.03"]
[EventType "swiss"]
[EventRounds "9"]
[EventCountry "GRE"]
[SourceTitle "EXT 2019"]
[Source "ChessBase"]
[SourceDate "2018.10.10"]
[SourceVersion "1"]
[SourceVersionDate "2018.10.10"]
[SourceQuality "1"]

1. e4 c5 2. Nc3 e6 3. g3 Nc6 4. Bg2 Nf6 5. d3 d5 6. f4 Be7 7. Nf3 b6 8. 0-0 d4 9. Ne2 Bb7 10. h3 Qc7 11. g4 0-0-0 12. Ng3 g6 13. g5 Ne8 14. Qe2 Bd6 15. e5 Be7 16. Ne4 Ng7 17. h4 Nb4 18. a3 Nd5 19. Nh2 h5 20. c4 dxc3 21. bxc3 Qd7 22. d4 cxd4 23. cxd4 Nf5 24. Nf3 Qa4 25. Rd1 Nc7 26. Bb2 Kb8 27. Nc3 Qa5 28. Ne4 Nd5 29. Bc1 Qa4 30. Bf1 Rc8 31. Qd3 Rc7 32. Re1 Nb4 33. axb4 Qxa1 34. Ba3 Qa2 0-1

[Event "GRE-ch U14"]
[Site "Achaia"]
[Date "2017.06.29"]
[Round "6"]
[White "Topalidis, Ioannis D"]
[Black "Kouvidis, Ioannis"]
[Result "0-1"]
[WhiteElo "1359"]
[BlackElo "1513"]
[PlyCount "104"]
[EventDate "2017.06.26"]
[EventType "swiss"]
[EventRounds "9"]
[EventCountry "GRE"]
[SourceTitle "EXT 2018"]
[Source "ChessBase"]
[SourceDate "2017.10.13"]
[SourceVersion "1"]
[SourceVersionDate "2017.10.13"]
[SourceQuality "1"]

1. e4 e5 2. Nf3 Nc6 3. Bc4 Bc5 4. c3 Nf6 5. d4 exd4 6. cxd4 Bb4+ 7. Bd2 Nxe4 8. Bxb4 Nxb4 9. Bxf7+ Kxf7 10. Qb3+ d5 11. Qxb4 Re8 12. 0-0 Kg8 13. Nc3 b6 14. Qb3 Nxc3 15. Qxc3 Bf5 16. Rfe1 Qd6 17. Rac1 Rxe1+ 18. Rxe1 Bd7 19. Rc1 Rc8 20. Ne5 c5 21. b3 h6 22. Rd1 Be6 23. Qd3 cxd4 24. Qxd4 Rc2 25. Kf1 Rxa2 26. Re1 Rc2 27. Ng4 Bxg4 28. Qxg4 Qc6 29. Kg1 Rc1 30. Qe2 d4 31. Qd2 Rxe1+ 32. Qxe1 Qc2 33. h3 Qf5 34. b4 d3 35. Qd2 Qe4 36. Kf1 a5 37. f3 Qe2+ 38. Qxe2 dxe2+ 39. Kxe2 a4 40. Kd2 b5 41. g3 Kf7 42. Kc3 g5 43. Kd3 h5 44. Kc3 h4 45. gxh4 gxh4 46. Kd4 Kf6 47. Kc5 a3 48. Kxb5 a2 49. Kc6 a1Q 50. b5 Qa8+ 51. Kc7 Qa7+ 52. Kc6 Qb8 0-1

[Event "GRE-ch U14"]
[Site "Achaia"]
[Date "2017.06.27"]
[Round "3"]
[White "Kiousis, Stavros St"]
[Black "Topalidis, Ioannis D"]
[Result "1-0"]
[WhiteElo "1474"]
[BlackElo "1359"]
[PlyCount "63"]
[EventDate "2017.06.26"]
[EventType "swiss"]
[EventRounds "9"]
[EventCountry "GRE"]
[SourceTitle "EXT 2018"]
[Source "ChessBase"]
[SourceDate "2017.10.13"]
[SourceVersion "1"]
[SourceVersionDate "2017.10.13"]
[SourceQuality "1"]

1. e4 e5 2. Nf3 Nc6 3. Bc4 Nf6 4. d3 h6 5. Bb3 d6 6. 0-0 Be7 7. c3 Be6 8. Re1 0-0 9. Nbd2 Nh7 10. Nf1 Ng5 11. Bc2 Bg4 12. Bxg5 Bxg5 13. h3 Be6 14. d4 exd4 15. cxd4 Ne7 16. Nxg5 hxg5 17. Qh5 f6 18. Ng3 g6 19. Qf3 c6 20. Qd3 Kg7 21. d5 Bd7 22. dxc6 Bxc6 23. Rad1 d5 24. exd5 Bxd5 25. Rxe7+ Qxe7 26. Qxg6+ Kh8 27. Rxd5 Rad8 28. Qh6+ Kg8 29. Rxd8 Rxd8 30. Bb3+ Qf7 31. Qg6+ Kh8 32. Qxf7 1-0